Humanismo educativo: testimonio de José Eduardo Jara

Guardat en:
Dades bibliogràfiques
Autors principals: Navarro Abarzúa, Iván (autor), Caiceo Escudero, Jaime (Autor)
Format: Llibre
Idioma:espanyol
Publicat: Santiago IPES Blas Cañas 1989
Matèries:
Etiquetes: Afegir etiqueta
Sense etiquetes, Sigues el primer a etiquetar aquest registre!

MARC

LEADER 00000nam a2200000 a 4500
001 UCL2252
003 CL-VaPUC
008 031017e19890000CL |||||||||||||||||spa|d
082 0 4 |a 371.10092  |b NAV  |2 21 
100 |a Navarro Abarzúa, Iván  |e autor  |9 530668 
700 0 |a Caiceo Escudero, Jaime  |e author  |9 479308 
245 1 0 |a Humanismo educativo: testimonio de José Eduardo Jara 
300 |a 189 p 
942 |c BK 
945 |d 20031017 00:00:00  |a vberengu 
260 |a Santiago  |b IPES Blas Cañas  |c 1989 
600 0 7 |a JARA VIGUERAS, JOSE EDUARDO  |2 CL-VaPUC  |9 479309 
650 0 |a Biografías  |9 255210 
583 |a last modification  |c 20031017 00:00:00  |k Rodrigo Vera 
999 |c 305603  |d 305601 
952 |0 0  |1 2  |4 0  |6 371_100920000000000_NAV_1989  |7 0  |8 A  |9 369728  |a BIBTEO  |b BIBTEO  |d 2019-11-21  |i 2090236  |o 371.10092 NAV 1989  |p 2090236  |r 2019-11-21  |w 2019-11-21  |x Descarte 2019  |y BK  |k ICR